000 01167nam a2200277 a 4500
003 DO-SdBNP
005 20240710114450.0
007 ta
008 210907e20142018dr ||||er|||| 001 jdspa d
020 _a9789945081848
040 _aDO-SdBNP
_bspa
_cBNPHU
082 4 _222
_aRD863.44
_bP426in
100 1 _aPeralta, Víctor M.
_d1958-
_91861
245 1 0 _aInsomnio :
_bcuentos de punto fijo /
_cVíctor M. Peralta ; Prólógo, Gerardo Castillo Javier.
250 _a2a. ed.
260 _aSanto Domingo :
_bBúho,
_c2018.
300 _a129 p. ;
_c23 cm.
500 _aIncluye datos biográficos del autor en las solapas de las cubiertas
505 0 _tAñadidos del autor --
_tAlgo muy personal --
_tGajes del oficio --
_tHasta yo le tengo tengo pena --
_tOeste americano --
_tPropuesta indecorosa --
_tInsomnio --
_tEmperrada --
_tLa razón de llamarte Perrito --
_tTras un bendito pavo --
_tEl hombre fantasma y el señor --
590 _aInventariado, 2021 /LP
650 0 _aNovela dominicana
_9223
650 0 _aNovela dominicana
_9223
700 1 _aCastillo Javier, Gerardo,
_d1963-
_eprólógo
_91677
910 _aValidado. Control de calidad MFF
942 _2ddc
_cLBS1
999 _c50443
_d50443